| 000 | 00701nam a2200217 i 4500 | ||
|---|---|---|---|
| 001 | 176894 | ||
| 003 | ES-MaACL | ||
| 005 | 20230906220215.0 | ||
| 008 | 110217s1969 sp ao |||| | spa d | ||
| 080 | _a7.033.2:069(495.1 A.) Byzantinon Mouseion | ||
| 245 | 0 | 0 |
_aMuseo Bizantino de Atenas / _cpresentación de Manolis Chatzidakis. |
| 260 |
_aMadrid : _bCodex, _c[1969] |
||
| 300 |
_a86 p. : _bil. col. y n. ; _c32 cm. |
||
| 490 | 1 | _aEl mundo de los museos | |
| 500 | _aÍndices. | ||
| 610 | 2 | 4 |
_aByzantinon Mouseion (Athenae) _9145241 |
| 700 | 1 |
_aChatzidakis, Manolis. _9145240 |
|
| 830 | 0 |
_aEl mundo de los museos _9190282 |
|
| 852 |
_aES-MaACL _jE-14334 _xOlim P-1361 |
||
| 999 |
_c176894 _d176894 |
||